The Strokes Lyrics - Is This It - Statistics

General Stats
  • This quiz has been taken 330 times
  • The average score is 132 of 160
Answer Stats
Lyrics % Correct
I
100%
a
99%
it
99%
it?
99%
you
99%
to
98%
don't
97%
I'm
97%
Is
97%
see
97%
see?
97%
your
97%
Can't
96%
can't
96%
just
96%
like
96%
this
96%
trying?
95%
trying
95%
even
94%
apartment
93%
get
93%
too
90%
tired
88%
for
87%
Now
87%
way
86%
while
86%
whille
86%
staying
80%
When
80%
lied
78%
lied,
78%
we
78%
We
78%
there
77%
'cause
76%
He
76%
not
76%
think
75%
me
72%
disagree
69%
disagree,
69%
It's
69%
it's
69%
them,
69%
was
65%
We're
64%
enemies,
62%
should
62%
If
60%
yeah
59%
all
58%
his
58%
hard
57%
him,
57%
they
57%
went
57%
mind,
56%
far
55%
wanted
55%
changes
54%
ever
54%
realize
54%
Children
52%
Said
51%
knew
49%
right
49%
Dear,
46%
stable
45%
anything
44%
behind
43%
give
42%
says
42%
in
41%
sitting
40%
they'd
36%
bar
30%
pissed
25%
No matching quizzes found
Score Distribution
Percent of People with Each Score
Percentile by Number Answered
Your Score History
You have not taken this quiz